Post world war II marketing policies and practices of Japanese consumer goods manufacturers
Enregistré dans:
| Auteur principal: | |
|---|---|
| Format: | Livre |
| Langue: | Undetermined |
| Publié: |
Michigan
University Microfilms, Inc.
1968
|
| Sujets: | |
| Tags: |
Ajouter un tag
Pas de tags, Soyez le premier à ajouter un tag!
|
| Thư viện lưu trữ: | Trung tâm Học liệu Trường Đại học Cần Thơ |
|---|
| LEADER | 00556nam a2200169Ia 4500 | ||
|---|---|---|---|
| 001 | CTU_77756 | ||
| 008 | 210402s9999 xx 000 0 und d | ||
| 082 | |a 338.476 | ||
| 082 | |b D533 | ||
| 100 | |a Dhawan, Kailash Chandra | ||
| 245 | 0 | |a Post world war II marketing policies and practices of Japanese consumer goods manufacturers | |
| 245 | 0 | |c Kailash Chandra Dhawan | |
| 260 | |a Michigan | ||
| 260 | |b University Microfilms, Inc. | ||
| 260 | |c 1968 | ||
| 650 | |a Economic development,Manufactures | ||
| 980 | |a Trung tâm Học liệu Trường Đại học Cần Thơ | ||